| 000 | 00547cam a2200169 4500 | ||
|---|---|---|---|
| 020 | _a0882240048 | ||
| 082 | 0 | 0 |
_a420 _bRIC _cL-29, 154,p |
| 100 | 1 |
_aRice, Frank M. _938850 |
|
| 245 | 1 | 0 |
_aEnglish and its teaching, _cby Frank M. Rice. |
| 260 |
_aLincoln, Neb., _bProfessional Educators Publications _c[1972] |
||
| 300 |
_a98 p. _c23 cm. |
||
| 490 | 0 | _aThe Professional education series | |
| 526 |
_a0 _b0 _c0 _d420_000000000000000_RIC |
||
| 650 | 0 |
_aEnglish language _xStudy and teaching (Secondary) _938851 |
|
| 650 | 0 |
_aMCE _9379 |
|
| 942 |
_2ddc _cBK |
||
| 999 |
_c543476 _d543476 |
||